Logic and contemporary rhetoric : the use of reason in everyday life (Record no. 32082)

MARC details
000 -LEADER
fixed length control field 00551nam a2200193Ia 4500
020 ## - INTERNATIONAL STANDARD BOOK NUMBER
ISBN 9780534626044
050 ## - CALL MARK
Classification number BC 177 .K34/
100 ## - STATEMENT OF RESPONSIBILITY--MAIN AUTHOR NAME
Personal name Kahane, Howard,
245 #0 - TITLE STATEMENT
Title Logic and contemporary rhetoric : the use of reason in everyday life
250 ## - EDITION / VOLUME STATEMENT
Edition / Volume statement 10th ed.
260 ## - PUBLICATION, DISTRIBUTION, ETC. (IMPRINT)
Place of publication Australia ; Belmont, CA ;
260 ## - PUBLICATION, DISTRIBUTION, ETC. (IMPRINT)
Name of publisher Thomson/Wadsworth
260 ## - PUBLICATION, DISTRIBUTION, ETC. (IMPRINT)
Year of publication c2006
300 ## - PHYSICAL DESCRIPTION
Number of Pages 393 p
650 ## - SUBJECT ADDED ENTRY--TOPICAL TERM
Topical Term Reasoning. Fallacies (Logic) Judgment (Logic) Mass media.
942 ## - ADDED ENTRY ELEMENTS (KOHA)
Koha item type Books
Holdings
Withdrawn status Lost status Source of classification or shelving scheme Damaged status Not for loan Permanent Location Current Location Date acquired Accession Number Price effective from Koha item type
    Library of Congress Classification     NILE UNIVERSITY OF NIGERIA - MAIN LIBRARY NILE UNIVERSITY OF NIGERIA - MAIN LIBRARY 04/23/2025 0185013 04/23/2025 Books